[Event "CAN-op"]
[Site "Edmonton CAN"]
[Date "2000.07.12"]
[Round "6"]
[White "Hacatoglu, Kevork"]
[Black "Gardner, Robert"]
[Result "0-1"]
[WhiteElo "2209"]
[BlackElo "2285"]
[PlyCount "56"]
[GameId "2160767911686545"]
[EventDate "2000.07.08"]
[EventType "swiss"]
[EventRounds "10"]
[EventCountry "CAN"]

1. e4 c5 2. Nf3 d6 3. d4 cxd4 4. Nxd4 Nf6 5. Nc3 a6 6. f4 Nc6 7. Nxc6 bxc6 8. e5 Bg4 9. Be2 Bxe2 10. Qxe2 Ng8 11. O-O e6 12. f5 d5 13. fxe6 fxe6 14. Qg4 Bc5+ 15. Kh1 Qd7 16. Na4 Ba7 17. Bg5 Ne7 18. Rf3 Nf5 19. Qh5+ g6 20. Qh3 O-O 21. Bf6 Rab8 22. Raf1 Rb4 23. Rf4 c5 24. b3 Rxf4 25. Rxf4 c4 26. Rg4 Ng7 27. Nb2 Qc7 28. Rh4 Qxe5 0-1

[Event "CAN-op"]
[Site "Edmonton CAN"]
[Date "2000.07.12"]
[Round "6"]
[White "Haley, Phil"]
[Black "Lauritson, Jim"]
[Result "0-1"]
[WhiteElo "1828"]
[BlackElo "2057"]
[PlyCount "90"]
[GameId "2160767911686547"]
[EventDate "2000.07.08"]
[EventType "swiss"]
[EventRounds "10"]
[EventCountry "CAN"]

1. e4 c5 2. Nf3 e6 3. d3 d5 4. Nbd2 Nc6 5. g3 g6 6. Bg2 Bg7 7. O-O Nge7 8. c3 O-O 9. Re1 b5 10. Nf1 b4 11. Bd2 a5 12. Qc2 Qb6 13. h4 Ba6 14. N1h2 Rab8 15. b3 Na7 16. Rad1 Nb5 17. c4 Na3 18. Qc1 dxe4 19. dxe4 a4 20. Bh6 axb3 21. Bxg7 Kxg7 22. Ng4 Ng8 23. axb3 Rbd8 24. Qa1+ f6 25. Rxd8 Rxd8 26. Rd1 Nc2 27. Qc1 Rxd1+ 28. Qxd1 Nd4 29. Nxd4 cxd4 30. Nh2 f5 31. Nf1 Qa5 32. Nd2 Qa2 33. Bh3 Ne7 34. f4 Qb2 35. exf5 exf5 36. Bg2 Qc3 37. Kh2 d3 38. Qe1 Nc6 39. Bf3 Nd4 40. Bd1 Bxc4 41. bxc4 b3 42. Qf2 b2 43. Nb1 Qc1 44. Qf1 Qxb1 45. g4 Qc1 0-1

[Event "CAN-op"]
[Site "Edmonton CAN"]
[Date "2000.07.12"]
[Round "6"]
[White "Hangartner, August"]
[Black "Davies, Noam"]
[Result "1/2-1/2"]
[WhiteElo "1896"]
[BlackElo "1485"]
[PlyCount "59"]
[GameId "2160767911686548"]
[EventDate "2000.07.08"]
[EventType "swiss"]
[EventRounds "10"]
[EventCountry "CAN"]

1. d4 d5 2. c4 e6 3. Nc3 Nf6 4. Bg5 Nbd7 5. e3 c6 6. Nf3 Qb6 7. Qc2 Bb4 8. Nd2 O-O 9. Bd3 Bxc3 10. Qxc3 c5 11. O-O cxd4 12. exd4 h6 13. Bf4 Qc6 14. c5 b6 15. b4 bxc5 16. bxc5 Ba6 17. Bxa6 Qxa6 18. Qb3 Nb8 19. a4 Nc6 20. Nf3 Rfd8 21. Qb5 Qxb5 22. axb5 Nb4 23. Ra3 Nd7 24. Rb3 a5 25. Bd2 Rdb8 26. b6 Nc6 27. b7 Ra7 28. Rfb1 a4 29. Rb5 a3 30. Kf1 1/2-1/2

[Event "CAN-op"]
[Site "Edmonton CAN"]
[Date "2000.07.12"]
[Round "6"]
[White "Hinds, Riana"]
[Black "Kazakevich, Alexander"]
[Result "0-1"]
[WhiteElo "1295"]
[BlackElo "1752"]
[PlyCount "68"]
[GameId "2160767911686549"]
[EventDate "2000.07.08"]
[EventType "swiss"]
[EventRounds "10"]
[EventCountry "CAN"]

1. e4 d5 2. exd5 Nf6 3. Nc3 Nxd5 4. Nxd5 Qxd5 5. Nf3 Bg4 6. Be2 e5 7. O-O Nd7 8. d3 O-O-O 9. Be3 f5 10. Re1 Bd6 11. c4 Qe6 12. Nh4 g5 13. Bxg5 Rdg8 14. Bxg4 fxg4 15. Bc1 h5 16. g3 Rf8 17. Bf4 Qf7 18. Be3 Nc5 19. Rf1 Ne6 20. Qe2 Be7 21. f3 Bxh4 22. gxh4 Rhg8 23. Kh1 Nf4 24. Bxf4 exf4 25. Rf2 Qf6 26. Rg1 g3 27. Rfg2 Qxh4 28. b3 Re8 29. Qd2 Re3 30. Rf1 Rge8 31. a4 Qh3 32. Kg1 h4 33. hxg3 hxg3 34. b4 Rh8 0-1

[Event "CAN-op"]
[Site "Edmonton CAN"]
[Date "2000.07.12"]
[Round "6"]
[White "Hinds, Ronald"]
[Black "Soerensen, Lyndon"]
[Result "1-0"]
[WhiteElo "2049"]
[BlackElo "1742"]
[PlyCount "83"]
[GameId "2160767911686550"]
[EventDate "2000.07.08"]
[EventType "swiss"]
[EventRounds "10"]
[EventCountry "CAN"]

1. e4 a6 2. d4 b5 3. Bd3 e6 4. Ne2 Bb7 5. O-O c5 6. c3 Qc7 7. Bf4 d6 8. Nd2 Nf6 9. a4 c4 10. Bc2 Be7 11. h3 Nbd7 12. Re1 e5 13. Be3 exd4 14. cxd4 b4 15. f3 a5 16. Rc1 Rc8 17. Bb3 Nb6 18. Nxc4 Nxc4 19. Bxc4 Qd8 20. Qb3 O-O 21. Nf4 Qd7 22. e5 d5 23. Bb5 Qf5 24. exf6 Bxf6 25. g4 Rxc1 26. Rxc1 Qg5 27. Qd3 Qh6 28. Nh5 Bg5 29. f4 Be7 30. Kg2 Bd6 31. f5 g5 32. fxg6 Qxg6 33. Qxg6+ fxg6 34. Ng3 Rf7 35. Nf1 Bf4 36. Bxf4 Rxf4 37. Rc7 Rf7 38. Rxf7 Kxf7 39. Nd2 h5 40. Kg3 hxg4 41. hxg4 g5 42. Nb3 1-0

[Event "CAN-op"]
[Site "Edmonton CAN"]
[Date "2000.07.12"]
[Round "6"]
[White "Kekely, John"]
[Black "Hughey, Micah"]
[Result "1/2-1/2"]
[WhiteElo "1799"]
[BlackElo "2082"]
[PlyCount "51"]
[GameId "2160767911686552"]
[EventDate "2000.07.08"]
[EventType "swiss"]
[EventRounds "10"]
[EventCountry "CAN"]

1. e4 e5 2. f4 Bc5 3. Nf3 d6 4. Bc4 Nf6 5. d3 Nc6 6. Nc3 Na5 7. fxe5 dxe5 8. Bg5 Nxc4 9. dxc4 Qxd1+ 10. Rxd1 Bb4 11. Nxe5 Bxc3+ 12. bxc3 O-O 13. Bxf6 gxf6 14. Nd7 Bxd7 15. Rxd7 Rac8 16. Ke2 Rfd8 17. Rhd1 Rxd7 18. Rxd7 Kf8 19. Kf3 Ke8 20. Rd5 Ke7 21. g3 c6 22. Ra5 a6 23. Rh5 Rd8 24. Ke2 Rh8 25. a4 Kf8 26. Ke3 1/2-1/2

[Event "CAN-op"]
[Site "Edmonton CAN"]
[Date "2000.07.12"]
[Round "6"]
[White "Kleist, Carol"]
[Black "Winberg, Jim"]
[Result "0-1"]
[WhiteElo "1607"]
[BlackElo "1750"]
[PlyCount "69"]
[GameId "2160767911686553"]
[EventDate "2000.07.08"]
[EventType "swiss"]
[EventRounds "10"]
[EventCountry "CAN"]

1. d4 e6 2. c4 c5 3. d5 exd5 4. cxd5 d6 5. Nc3 g6 6. e4 Bg7 7. f4 Ne7 8. Nf3 Bg4 9. Be2 Bxf3 10. Bxf3 O-O 11. Be3 a6 12. a4 Nd7 13. O-O Rb8 14. Be2 f5 15. e5 dxe5 16. d6 Nc6 17. Qd5+ Kh8 18. fxe5 Bxe5 19. Bxc5 Nxc5 20. Qxc5 Bxd6 21. Qe3 Qc7 22. Qh6 Qb6+ 23. Kh1 Qxb2 24. Qc1 Qxc1 25. Raxc1 Rbd8 26. Bf3 Rc8 27. Ne2 Rfe8 28. Rc2 Na5 29. Rd2 Nc4 30. Rc2 b5 31. Bb7 Rb8 32. Bxa6 Ne3 33. Rfc1 Nxc2 34. Rxc2 b4 35. Nc1 0-1

[Event "CAN-op"]
[Site "Edmonton CAN"]
[Date "2000.07.12"]
[Round "6"]
[White "Kleist, Frederick"]
[Black "Haynes, Nicolas"]
[Result "1-0"]
[WhiteElo "2139"]
[BlackElo "1795"]
[PlyCount "49"]
[GameId "2160767911686554"]
[EventDate "2000.07.08"]
[EventType "swiss"]
[EventRounds "10"]
[EventCountry "CAN"]

1. d4 d5 2. c4 dxc4 3. Nf3 Nf6 4. e3 e6 5. Bxc4 c5 6. O-O a6 7. Qe2 cxd4 8. Rd1 d3 9. Bxd3 Qc7 10. e4 Nc6 11. Nc3 Bc5 12. Bg5 Ng4 13. Bh4 Nd4 14. Bb5+ axb5 15. Rxd4 Bxd4 16. Nxb5 Qf4 17. Bg3 Bxf2+ 18. Qxf2 Rxa2 19. Rxa2 Qc1+ 20. Qf1 Qc5+ 21. Kh1 O-O 22. h3 Qh5 23. Bd6 Rd8 24. Ra8 Ne5 25. Qc1 1-0

[Event "CAN-op"]
[Site "Edmonton CAN"]
[Date "2000.07.12"]
[Round "6"]
[White "Langlois, Paul"]
[Black "Kazakevich, Anastasia"]
[Result "1-0"]
[WhiteElo "1537"]
[BlackElo "1608"]
[PlyCount "87"]
[GameId "2160767911686555"]
[EventDate "2000.07.08"]
[EventType "swiss"]
[EventRounds "10"]
[EventCountry "CAN"]

1. f4 Nf6 2. Nf3 d5 3. d3 g6 4. g3 Bg7 5. Bg2 O-O 6. O-O c5 7. Re1 Nc6 8. c3 b6 9. e4 e6 10. e5 Nd7 11. Be3 Bb7 12. d4 cxd4 13. cxd4 Rc8 14. Bh3 Qe7 15. a3 Na5 16. b3 Rc7 17. Bd2 Nc6 18. b4 Rfc8 19. Nc3 a6 20. Bf1 b5 21. Na2 Nb6 22. Nc1 Nc4 23. Nb3 Nb8 24. Nc5 Nd7 25. Ra2 Bf8 26. Bc3 h5 27. Qc1 Bh6 28. h4 Nb8 29. Bh3 Nc6 30. Qc2 Kh7 31. Qh2 Rg8 32. Bd2 Nb8 33. Bc1 Nd7 34. Rg2 Rg7 35. Kh1 Nb8 36. Reg1 Rc8 37. g4 hxg4 38. Rxg4 Rcg8 39. Ng5+ Bxg5 40. hxg5 Kh8 41. Rh4+ Rh7 42. Rxh7+ Kxh7 43. Bxe6+ Kg7 44. Qh6# 1-0

[Event "CAN-op"]
[Site "Edmonton CAN"]
[Date "2000.07.12"]
[Round "6"]
[White "Lee, Jason"]
[Black "Predescu, Sebastian"]
[Result "0-1"]
[WhiteElo "1958"]
[BlackElo "2076"]
[PlyCount "64"]
[GameId "2160767911686556"]
[EventDate "2000.07.08"]
[EventType "swiss"]
[EventRounds "10"]
[EventCountry "CAN"]

1. d4 c5 2. d5 Nf6 3. c4 b5 4. cxb5 a6 5. Nc3 axb5 6. e4 b4 7. Nb5 d6 8. Bf4 Ba6 9. e5 Qa5 10. Nxd6+ exd6 11. exf6 Bxf1 12. Kxf1 Qa6+ 13. Ne2 Nd7 14. fxg7 Bxg7 15. Qc1 O-O 16. Bh6 Rfe8 17. Be3 Nb6 18. h4 Nxd5 19. Rh3 Nf4 20. Bxf4 Qxe2+ 21. Kg1 Bxb2 22. Bh6 Bd4 23. Rf3 f6 24. Qf4 Re4 25. Qg3+ Kf7 26. Qg7+ Ke6 27. Rf1 Rxh4 28. Bg5 Rg4 29. Qb7 Rg8 30. Re3+ Bxe3 31. fxe3 R4xg5 32. Qe4+ Re5 0-1

[Event "CAN-op"]
[Site "Edmonton CAN"]
[Date "2000.07.12"]
[Round "6"]
[White "Li, Zhuoran"]
[Black "Buitendyk, Theo"]
[Result "1-0"]
[WhiteElo "1473"]
[BlackElo "1731"]
[PlyCount "69"]
[GameId "2160767911686557"]
[EventDate "2000.07.08"]
[EventType "swiss"]
[EventRounds "10"]
[EventCountry "CAN"]

1. e4 c5 2. Nf3 d6 3. d4 cxd4 4. Nxd4 Nf6 5. Nc3 e6 6. Be2 Be7 7. O-O O-O 8. Be3 a6 9. Kh1 b5 10. f4 Bb7 11. Qd3 Nbd7 12. f5 Nc5 13. Qd1 e5 14. Nb3 Ncxe4 15. Nxe4 Bxe4 16. a4 Nd5 17. Bg1 Rc8 18. Bf3 Bxf3 19. Qxf3 Nf6 20. axb5 axb5 21. c3 d5 22. Na5 e4 23. Qe2 Qd7 24. Nb3 Ra8 25. Nd4 b4 26. Ra6 Rxa6 27. Qxa6 bxc3 28. bxc3 Rc8 29. Qa5 Bd6 30. h3 Nh5 31. Bh2 Bxh2 32. Kxh2 Qd6+ 33. Kg1 Qg3 34. Qxd5 Qxg2+ 35. Kxg2 1-0

[Event "CAN-op"]
[Site "Edmonton CAN"]
[Date "2000.07.12"]
[Round "6"]
[White "Lipnowski, Irwin"]
[Black "Ottosen, David"]
[Result "1-0"]
[WhiteElo "2309"]
[BlackElo "2099"]
[PlyCount "53"]
[GameId "2160767911686558"]
[EventDate "2000.07.08"]
[EventType "swiss"]
[EventRounds "10"]
[EventCountry "CAN"]
[SourceTitle "EXT 2001"]
[Source "ChessBase"]
[SourceDate "2000.11.22"]
[SourceVersion "1"]
[SourceVersionDate "2000.11.22"]
[SourceQuality "1"]

1. c4 e5 2. g3 f5 3. Bg2 Nf6 4. Nc3 Nc6 5. e3 Bc5 6. Nge2 d6 7. d4 Bb6 8. b4 a5 9. b5 Ne7 10. dxe5 dxe5 11. Qxd8+ Kxd8 12. Ba3 Nd7 13. Rd1 Ke8 14. Na4 Ba7 15. Nec3 e4 16. Bxe7 Kxe7 17. Nd5+ Kd8 18. g4 g6 19. gxf5 gxf5 20. Bh3 Rf8 21. Rg1 Rb8 22. Rg7 Ne5 23. Nxc7+ Nd3+ 24. Rxd3+ exd3 25. b6 Bxb6 26. Nxb6 Rf6 27. Rg8+ 1-0

[Event "CAN-op"]
[Site "Edmonton CAN"]
[Date "2000.07.12"]
[Round "6"]
[White "Lipnowski, Samuel"]
[Black "Gushuliak, Justin"]
[Result "0-1"]
[WhiteElo "2009"]
[BlackElo "2119"]
[PlyCount "124"]
[GameId "2160767911686559"]
[EventDate "2000.07.08"]
[EventType "swiss"]
[EventRounds "10"]
[EventCountry "CAN"]

1. c4 b6 2. Nf3 e6 3. b3 Bb7 4. Bb2 f5 5. e3 Nf6 6. Be2 Be7 7. O-O O-O 8. d3 Nc6 9. Nbd2 Qe8 10. a3 h6 11. b4 g5 12. b5 Nd8 13. a4 g4 14. Ne1 Qg6 15. a5 Rb8 16. axb6 axb6 17. Qb3 Nf7 18. Ra7 Ng5 19. Nc2 f4 20. Rxb7 Rxb7 21. Kh1 fxe3 22. fxe3 g3 23. Qc3 gxh2 24. Nf3 Nxf3 25. Bxf3 Rbb8 26. Be4 Qg7 27. Bf3 Nh5 28. Qxg7+ Nxg7 29. Be5 Ne8 30. Ra1 Nd6 31. Ra7 Rbc8 32. Kxh2 Nf7 33. Bg3 e5 34. Bd5 Bd6 35. Kg1 Kg7 36. Be1 c6 37. bxc6 dxc6 38. Bf3 Ra8 39. Rb7 Ra2 40. Bd1 Rb2 41. Kf1 Rb8 42. Rd7 b5 43. Bh5 Rf8 44. Bd1 bxc4 45. dxc4 Rd8 46. Rxd8 Nxd8 47. Bg3 Nf7 48. Be1 Ng5 49. Ke2 Ne4 50. Kd3 Nc5+ 51. Kc3 Rb3+ 52. Kd2 Ne4+ 53. Ke2 Nc3+ 54. Kd2 Nxd1 55. Kxd1 Kf6 56. Ke2 Rb2 57. Kd1 Kf5 58. Ba5 Ke4 59. Kd2 Bc5 60. Bc3 Bxe3+ 61. Kd1 Rb1+ 62. Ke2 Rc1 0-1

[Event "CAN-op"]
[Site "Edmonton CAN"]
[Date "2000.07.12"]
[Round "6"]
[White "MacNab, John"]
[Black "Thompson, Brent"]
[Result "1-0"]
[WhiteElo "1674"]
[BlackElo "1381"]
[PlyCount "65"]
[GameId "2160767911686560"]
[EventDate "2000.07.08"]
[EventType "swiss"]
[EventRounds "10"]
[EventCountry "CAN"]

1. e4 e5 2. d4 exd4 3. Nf3 Nc6 4. Nxd4 Nf6 5. Nxc6 bxc6 6. e5 Nd5 7. c4 Nb6 8. Be2 Bc5 9. O-O O-O 10. Nd2 Re8 11. Nf3 d6 12. exd6 cxd6 13. Qc2 Be6 14. Ng5 g6 15. Nxe6 Rxe6 16. Bh6 Bd4 17. Bf3 Rc8 18. Bg4 f5 19. Bf3 d5 20. cxd5 cxd5 21. Qb3 Bh8 22. Rad1 Rd6 23. a4 a5 24. Rd2 Nc4 25. Rd3 Rb8 26. Bxd5+ Rxd5 27. Qxc4 Bxb2 28. Rxd5 Qxd5 29. Qxd5+ Kh8 30. Rb1 f4 31. Rxb2 Re8 32. Qd4+ Kg8 33. Qg7# 1-0

[Event "CAN-op"]
[Site "Edmonton CAN"]
[Date "2000.07.12"]
[Round "6"]
[White "Marghetis, Aris"]
[Black "Ludwig, David"]
[Result "1/2-1/2"]
[WhiteElo "2009"]
[BlackElo "1801"]
[PlyCount "74"]
[GameId "2160767911686561"]
[EventDate "2000.07.08"]
[EventType "swiss"]
[EventRounds "10"]
[EventCountry "CAN"]

1. e4 Nf6 2. e5 Nd5 3. d4 d6 4. Nf3 Bg4 5. Be2 Nc6 6. O-O e6 7. Re1 Be7 8. c3 O-O 9. Nbd2 dxe5 10. Nxe5 Nxe5 11. Bxg4 Nxg4 12. Qxg4 Nf6 13. Qf3 c6 14. Ne4 Qd5 15. Bg5 Nxe4 16. Bxe7 Rfe8 17. Rxe4 Rxe7 18. Qd3 Rd7 19. Re5 Qd6 20. Qh3 Rad8 21. Rae1 b6 22. Rh5 h6 23. g4 Qf4 24. g5 Rd5 25. gxh6 Rxh5 26. Qxh5 Qxh6 27. Qxh6 gxh6 28. Kg2 Kg7 29. Kf3 Rd7 30. Kf4 Rd5 31. Re5 Kf6 32. Rxd5 exd5 33. b4 b5 34. a3 a6 35. f3 Ke6 36. Kg4 Kf6 37. Kh5 Kg7 1/2-1/2

[Event "CAN-op"]
[Site "Edmonton CAN"]
[Date "2000.07.12"]
[Round "6"]
[White "Marks, Terry"]
[Black "Sexsmith, Kyle"]
[Result "1/2-1/2"]
[WhiteElo "1593"]
[BlackElo "1566"]
[PlyCount "64"]
[GameId "2160767911686562"]
[EventDate "2000.07.08"]
[EventType "swiss"]
[EventRounds "10"]
[EventCountry "CAN"]

1. d4 Nf6 2. c4 e6 3. Nc3 c5 4. Nf3 cxd4 5. Nxd4 d5 6. cxd5 Nxd5 7. Nxd5 Qxd5 8. e3 e5 9. Qb3 Qxb3 10. Nxb3 Bb4+ 11. Bd2 Bxd2+ 12. Nxd2 O-O 13. Bc4 Rd8 14. Nf3 e4 15. Ng5 Rd7 16. Nxe4 b6 17. Nc3 Bb7 18. f3 Nc6 19. Ke2 Rc8 20. Bd3 Rcd8 21. Rad1 Nb4 22. Bf5 Ba6+ 23. Kf2 Rxd1 24. Rxd1 Rxd1 25. Nxd1 Nxa2 26. e4 g6 27. Bd7 Nb4 28. Ke3 Kf8 29. f4 Ke7 30. Bg4 Bb7 31. g3 a5 32. Nc3 Bc6 1/2-1/2

[Event "CAN-op"]
[Site "Edmonton CAN"]
[Date "2000.07.12"]
[Round "6"]
[White "Martin, Steve"]
[Black "Yamach, Ahmet"]
[Result "1-0"]
[WhiteElo "1266"]
[BlackElo "1771"]
[PlyCount "71"]
[GameId "2160767911686563"]
[EventDate "2000.07.08"]
[EventType "swiss"]
[EventRounds "10"]
[EventCountry "CAN"]

1. d4 d5 2. c4 c6 3. Nc3 Nf6 4. e3 Bf5 5. Nf3 e6 6. Nh4 Bg6 7. Nxg6 fxg6 8. cxd5 exd5 9. Bd3 Bd6 10. Qc2 O-O 11. Bd2 Qe7 12. h3 Nbd7 13. O-O-O c5 14. dxc5 Nxc5 15. Be2 Rac8 16. Kb1 Nce4 17. Rhf1 Be5 18. Nxd5 Nxd5 19. Qxe4 Nf6 20. Qa4 Bd6 21. Qxa7 Qe4+ 22. Ka1 Ra8 23. Qd4 Qxd4 24. exd4 Ne4 25. Bf3 Nxd2 26. Rxd2 Ra7 27. Bd5+ Kh8 28. Re2 h6 29. Re6 Bf4 30. Rfe1 Raa8 31. Rxg6 Rab8 32. Re7 Rbc8 33. a3 Bg5 34. Rexg7 Bf6 35. Rxb7 Bg5 36. Rgg7 1-0

[Event "CAN-op"]
[Site "Edmonton CAN"]
[Date "2000.07.12"]
[Round "6"]
[White "McKay, Tom"]
[Black "Campbell, John"]
[Result "1/2-1/2"]
[WhiteElo "1689"]
[BlackElo "1455"]
[PlyCount "84"]
[GameId "2160767911686564"]
[EventDate "2000.07.08"]
[EventType "swiss"]
[EventRounds "10"]
[EventCountry "CAN"]

1. e4 e5 2. Nf3 Nc6 3. Bb5 a6 4. Ba4 Nf6 5. O-O b5 6. Bb3 Be7 7. Re1 d6 8. c3 Bg4 9. a4 O-O 10. d3 Na5 11. Bc2 c5 12. b4 cxb4 13. cxb4 Nc6 14. axb5 axb5 15. Rxa8 Qxa8 16. Bd2 Nd4 17. Bc3 Nxc2 18. Qxc2 Bxf3 19. gxf3 Rc8 20. Qb2 Nh5 21. Bxe5 dxe5 22. Qxe5 Bxb4 23. Rd1 Rc5 24. Qd4 Rg5+ 25. Kf1 Bc5 26. Qd7 Bf8 27. Rc1 Rc5 28. Rxc5 Bxc5 29. Qxb5 Qc8 30. Nd2 Qh3+ 31. Ke2 Nf4+ 32. Kd1 Qc8 33. Nb3 Bxf2 34. d4 h6 35. d5 Qh3 36. Qb8+ Kh7 37. Qxf4 Qf1+ 38. Kc2 Qc4+ 39. Kb2 Qe2+ 40. Ka3 Qa6+ 41. Kb2 Qe2+ 42. Ka3 Qa6+ 1/2-1/2

[Event "CAN-op"]
[Site "Edmonton CAN"]
[Date "2000.07.12"]
[Round "6"]
[White "McKim, Fred"]
[Black "Weis, Rod"]
[Result "1/2-1/2"]
[WhiteElo "2062"]
[BlackElo "1858"]
[PlyCount "105"]
[GameId "2160767911686565"]
[EventDate "2000.07.08"]
[EventType "swiss"]
[EventRounds "10"]
[EventCountry "CAN"]

1. d4 Nf6 2. Bg5 d5 3. Nc3 Bf5 4. e3 e6 5. Bd3 Bxd3 6. cxd3 Be7 7. Nf3 Nbd7 8. O-O O-O 9. Rc1 Rc8 10. Qa4 a6 11. b4 Nb6 12. Qb3 c6 13. a4 Kh8 14. Rb1 h6 15. Bh4 g5 16. Bg3 Nh5 17. b5 cxb5 18. axb5 a5 19. Rfc1 Nxg3 20. hxg3 Kg7 21. Rc2 Qd6 22. Rbc1 Qb4 23. Qxb4 axb4 24. Nb1 Rxc2 25. Rxc2 Bd6 26. Nfd2 Ra8 27. Nb3 Na4 28. Kf1 Nc3 29. Nxc3 bxc3 30. Nc5 b6 31. Nb3 Bb4 32. Ke2 Ra3 33. Nc1 Ba5 34. Kd1 Ra1 35. Ke2 Kg6 36. Nb3 Ra3 37. Nxa5 bxa5 38. b6 g4 39. e4 Rb3 40. b7 Rxb7 41. Rxc3 a4 42. exd5 exd5 43. Rc5 a3 44. Ra5 Rb2+ 45. Ke3 a2 46. f3 Rxg2 47. Kf4 gxf3 48. Kxf3 Rb2 49. Ra6+ f6 50. Ra7 Kf5 51. Ra6 h5 52. Ke3 Kg4 53. Rxa2 1/2-1/2

[Event "CAN-op"]
[Site "Edmonton CAN"]
[Date "2000.07.12"]
[Round "6"]
[White "McMaster, Carolyn"]
[Black "Harris, Greg"]
[Result "0-1"]
[WhiteElo "1569"]
[BlackElo "1787"]
[PlyCount "76"]
[GameId "2160767911686566"]
[EventDate "2000.07.08"]
[EventType "swiss"]
[EventRounds "10"]
[EventCountry "CAN"]

1. e4 c6 2. d4 d5 3. e5 Bf5 4. c4 e6 5. Nc3 Bb4 6. Qb3 Bxc3+ 7. bxc3 Qc7 8. cxd5 exd5 9. c4 Ne7 10. g3 O-O 11. Nf3 Nd7 12. Bd3 Bxd3 13. Qxd3 Ng6 14. h4 Rfe8 15. h5 Ngf8 16. O-O Ne6 17. Nh4 Nb6 18. c5 Nc4 19. f4 Qd8 20. Nf3 h6 21. Nh4 Rc8 22. f5 Nxd4 23. Qxd4 Rxe5 24. Bd2 Re4 25. Qf2 Rg4 26. Bf4 Qxh4 27. Qh2 Qxh2+ 28. Kxh2 g6 29. hxg6 fxg6 30. Rae1 g5 31. Bd6 Re4 32. f6 Kf7 33. Rxe4 dxe4 34. Be7 Rc7 35. Rd1 Ne5 36. Rd4 Nf3+ 37. Kh3 Nxd4 38. Kg4 e3 0-1

[Event "CAN-op"]
[Site "Edmonton CAN"]
[Date "2000.07.12"]
[Round "6"]
[White "Miller, Chris"]
[Black "Watson, Michael"]
[Result "1/2-1/2"]
[WhiteElo "1557"]
[BlackElo "1241"]
[PlyCount "57"]
[GameId "2160767911686567"]
[EventDate "2000.07.08"]
[EventType "swiss"]
[EventRounds "10"]
[EventCountry "CAN"]

1. e4 e5 2. d4 exd4 3. c3 dxc3 4. Bc4 Nc6 5. Nf3 Nf6 6. e5 Ng4 7. Qd5 Qe7 8. O-O Nb4 9. Qe4 d6 10. Nxc3 Nxe5 11. Bxf7+ Qxf7 12. Nxe5 dxe5 13. f4 Bc5+ 14. Kh1 O-O 15. a3 Nc6 16. b4 Bd4 17. Bd2 Be6 18. Rac1 Bxc3 19. Rxc3 Rad8 20. Be3 exf4 21. Bc1 Bd5 22. Qc2 Rfe8 23. Rh3 Be4 24. Qf2 Ne5 25. Qxf4 Qxf4 26. Bxf4 Rf8 27. Kg1 Rd2 28. Bxd2 Rxf1+ 29. Kxf1 1/2-1/2

[Event "CAN-op"]
[Site "Edmonton CAN"]
[Date "2000.07.12"]
[Round "6"]
[White "Nathani, Kaleim"]
[Black "Xia, Yanchong"]
[Result "0-1"]
[WhiteElo "1963"]
[BlackElo "1731"]
[PlyCount "104"]
[GameId "2160767911686568"]
[EventDate "2000.07.08"]
[EventType "swiss"]
[EventRounds "10"]
[EventCountry "CAN"]

1. e4 c5 2. Nf3 Nc6 3. d4 cxd4 4. Nxd4 Nf6 5. Nc3 e5 6. Ndb5 d6 7. Bg5 a6 8. Na3 b5 9. Bxf6 gxf6 10. Nd5 Bg7 11. Bd3 Ne7 12. Qh5 Be6 13. Nxe7 Qxe7 14. c3 Rb8 15. Nc2 O-O 16. O-O Rfd8 17. Nb4 Qb7 18. Rfd1 Re8 19. Bc2 a5 20. Nd5 Bxd5 21. exd5 e4 22. Qf5 Re5 23. Qf4 f5 24. Qd2 Rbe8 25. Kh1 Qe7 26. a4 Rb8 27. axb5 Rxb5 28. Ba4 Rbxd5 29. Qxd5 Rxd5 30. Rxd5 Be5 31. Rxa5 Qh4 32. g3 Qh3 33. Bd7 e3 34. f4 e2 35. Kg1 Bxf4 36. gxf4 Qe3+ 37. Kg2 e1=Q 38. Rxe1 Qxe1 39. Rxf5 Qe2+ 40. Kg1 Qe1+ 41. Kg2 Qe2+ 42. Kg1 Qxb2 43. Rg5+ Kf8 44. Rg3 Qc1+ 45. Kg2 Qxf4 46. Rf3 Qg5+ 47. Kf2 Ke7 48. Bh3 d5 49. Bg2 Qh4+ 50. Kg1 Qe1+ 51. Bf1 Ke6 52. Rf2 Qxc3 0-1

[Event "CAN-op"]
[Site "Edmonton CAN"]
[Date "2000.07.12"]
[Round "6"]
[White "Nystrom, Kurtis"]
[Black "McIntyre, John"]
[Result "0-1"]
[WhiteElo "1675"]
[BlackElo "1992"]
[PlyCount "62"]
[GameId "2160767911686571"]
[EventDate "2000.07.08"]
[EventType "swiss"]
[EventRounds "10"]
[EventCountry "CAN"]

1. e4 Nf6 2. e5 Nd5 3. c4 Nb6 4. d4 d6 5. Nf3 Bg4 6. exd6 Qxd6 7. Nbd2 Nc6 8. d5 Nd4 9. Ne4 Qb4+ 10. Ned2 e5 11. a3 Qe7 12. Ne4 f5 13. c5 fxe4 14. d6 cxd6 15. Bg5 exf3 16. Bxe7 fxg2 17. Qxg4 gxh1=Q 18. O-O-O Qc6 19. Bg5 dxc5 20. Bg2 Qe6 21. Rxd4 Qxg4 22. Rxg4 h6 23. Bd2 O-O-O 24. Bh3 Kb8 25. Be3 g5 26. Rg1 Be7 27. Bf1 Nd5 28. Bd2 Nf4 29. Bc4 a6 30. Re1 b5 31. Ba2 Nd3+ 0-1

[Event "CAN-op"]
[Site "Edmonton CAN"]
[Date "2000.07.12"]
[Round "6"]
[White "Odachowski, Arthur"]
[Black "Neufahrt, Gerhard"]
[Result "1/2-1/2"]
[WhiteElo "2336"]
[BlackElo "2131"]
[PlyCount "104"]
[GameId "2160767911686572"]
[EventDate "2000.07.08"]
[EventType "swiss"]
[EventRounds "10"]
[EventCountry "CAN"]

1. d4 g6 2. c4 c6 3. Nc3 Bg7 4. e4 d6 5. Be2 h5 6. Be3 Nh6 7. Nf3 Bg4 8. Qd2 Nd7 9. h3 Bxf3 10. Bxf3 Nb6 11. Be2 e6 12. g4 h4 13. Rd1 d5 14. c5 Nc8 15. Bg5 f6 16. Be3 g5 17. f4 gxf4 18. Bxf4 Nf7 19. exd5 exd5 20. Bd3 Ne7 21. O-O Bh6 22. Rde1 Kf8 23. Bxh6+ Rxh6 24. g5 fxg5 25. Qxg5 Ng8 26. Qxd8+ Rxd8 27. Rf4 Nf6 28. Nd1 Re8 29. Ref1 Kg7 30. Kh2 Re7 31. Rg1+ Kf8 32. Nf2 Nh5 33. Rxh4 Rf6 34. Rxh5 Rxf2+ 35. Rg2 Rf4 36. Bh7 Re3 37. Rd2 Re1 38. Rf5 Rxf5 39. Bxf5 Kg7 40. Bc8 Re7 41. h4 Nh6 42. Kg3 Rc7 43. Bh3 Re7 44. Rd3 Kg6 45. Bg2 Nf5+ 46. Kg4 Ne3+ 47. Kh3 Nxg2 48. Rg3+ Kh5 49. Rg5+ Kh6 50. Rxg2 Re4 51. Rg4 Re2 52. Rg2 Re4 1/2-1/2

[Event "CAN-op"]
[Site "Edmonton CAN"]
[Date "2000.07.12"]
[Round "6"]
[White "Oliger, Mark"]
[Black "Kesteris, Imants"]
[Result "1-0"]
[WhiteElo "1891"]
[BlackElo "1744"]
[PlyCount "58"]
[GameId "2160767911686573"]
[EventDate "2000.07.08"]
[EventType "swiss"]
[EventRounds "10"]
[EventCountry "CAN"]

1. d4 d5 2. Nf3 Nf6 3. e3 c6 4. c4 e6 5. Bd3 dxc4 6. Bxc4 Bd6 7. Nc3 O-O 8. e4 Be7 9. O-O Re8 10. Bg5 Nbd7 11. e5 Nd5 12. Bxe7 Qxe7 13. Ne4 N7b6 14. Bd3 Nf4 15. Bc2 Nbd5 16. a3 Ng6 17. Nfg5 f5 18. Qh5 Ndf4 19. Qxh7+ Kf8 20. g3 Ne2+ 21. Kh1 fxe4 22. Qxg6 Qd7 23. Nh7+ Ke7 24. Qxg7+ Kd8 25. Qxd7+ Bxd7 26. Rad1 Kc7 27. Rd2 Rh8 28. Nf6 Raf8 29. Rxe2 Rh3 1-0